[Event "Panchenko Memorial-A 2021"]
[Site "Chelyabinsk"]
[Date "2021.09.15"]
[Round "3.7"]
[White "Drygalov, Sergey"]
[Black "Kalegin, Evgenij"]
[Result "1-0"]
[WhiteElo "2500"]
[BlackElo "2401"]
[Annotator "TA"]
[PlyCount "49"]
[EventDate "2021.09.13"]
[EventType "swiss"]
[EventCountry "RUS"]
[SourceTitle "playchess.com"]
[Source "ChessBase"]
[SourceQuality "1"]

{[%evp 12,49,50,55,39,29,46,28,45,33,88,82,312,305,312,259,262,250,274,279,550,217,225,209,232,227,217,232,238,235,206,207,300,274,315,254,260,250,1050,1056]} 1. e4 a6 2. d4 d6 3. Nc3 g6 4. f4 Bg7 5. Nf3 b5 6. Bd3 Nd7 7. e5 c5 {B06: Modern Defence.} 8. Be4 Rb8 9. O-O Nh6 {White has an edge.} 10. exd6 exd6 ({Black should play} 10... Qb6 $14) 11. f5 $1 $16 {[#] Black must now prevent dxc5.} Nxf5 $146 (11... O-O $16) ({Predecessor:} 11... O-O 12. fxg6 hxg6 13. Bg5 Qa5 14. Nd5 Re8 15. Re1 cxd4 16. Nxd4 Bb7 17. Nb3 Qa4 18. Bxh6 Bxh6 {½-½ (52) Ten Hertog,H (2492)-Lai,H (2455) Amstelveen 2019}) 12. Bxf5 $18 gxf5 13. Bg5 f6 14. Re1+ Kf7 15. Bf4 cxd4 $2 {[#]} (15... Re8 {keeps fighting.} 16. Rxe8 (16. Bxd6 Rxe1+ 17. Qxe1 cxd4 $18) 16... Qxe8) 16. Nxd4 $2 (16. Ng5+ $1 {[%mdl 512]} Kg6 17. Ne6 dxc3 18. Nxd8 Rxd8 19. Re3) 16... Ne5 {[#]} 17. Qh5+ $1 Kf8 18. Nxf5 Bxf5 19. Qxf5 Qc8 {[#]} 20. Qh5 Qe8 21. Qe2 Rc8 (21... Kg8 $142 22. Rad1 Rd8) 22. Rad1 Qe6 23. Qf2 Kg8 24. Qb6 Rc6 $2 {[#]} (24... h6 25. Bxe5 (25. Qxd6 Rc6 $16) 25... fxe5 26. Rxd6 Qc4) 25. Qxc6 $1 {[%mdl 576] Pin. Black did not feel at home in the position after the opening.  Weighted Error Value: White=0.29/Black=0.47} 1-0

[Event "Panchenko Memorial-A 2021"]
[Site "Chelyabinsk"]
[Date "2021.09.15"]
[Round "3.8"]
[White "Smirnov, Anton"]
[Black "Faizrakhmanov, Ramil"]
[Result "1/2-1/2"]
[WhiteElo "2600"]
[BlackElo "2488"]
[Annotator "TA"]
[PlyCount "119"]
[EventDate "2021.09.13"]
[EventType "swiss"]
[EventCountry "RUS"]
[SourceTitle "playchess.com"]
[Source "ChessBase"]
[SourceQuality "1"]

{[%evp 18,119,9,11,13,6,13,20,14,7,27,0,0,0,8,-32,-25,-16,-11,-26,-13,-18,0,-22,-23,-16,-12,-23,-8,-16,-9,-13,-6,-15,-5,-47,-50,-42,-34,-59,-19,-19,-19,-19,-19,-19,-19,-20,-20,-20,-23,-23,-18,-41,-42,-42,-42,-118,-126,-136,-140,-126,-53,-63,-59,-169,-110,-127,-75,-134,-126,-122,-83,-66,0,0,0,0,0,0,0,0,0,0,8,8,8,8,8,8,8,8,8,8,8,8,8,8,8,8,8,8,8,8]} 1. d4 Nf6 2. c4 e6 3. Nc3 Bb4 4. e3 O-O 5. Bd3 c5 6. Nge2 cxd4 7. exd4 d5 8. cxd5 Nxd5 9. O-O Nc6 10. Nxd5 $1 {[%mdl 4] is more profitable than 10.Bc2 at the moment.} exd5 {E48: Nimzo-Indian: Rubinstein: 5 Bd3 d5 including 6 Ne2, but excluding 6 a3.} 11. a3 {[#]} Ba5 $146 ({Predecessor:} 11... Bd6 12. Bf4 g6 13. Bxd6 Qxd6 14. Qd2 Bd7 15. Rac1 Rac8 16. Bb1 Ne7 17. Nf4 Rxc1 18. Rxc1 Rc8 {½-½ (18) Krasteva,B (2246)-Kosic,D (2429) Paracin 2020}) 12. Nf4 g6 13. Be3 Bb6 14. Bb5 Ne7 15. Qb3 Qd6 16. Qb4 Qxb4 17. axb4 Bf5 18. Rfc1 Rfd8 19. Ba4 Bd7 20. Bb3 Bb5 21. g4 Rd7 22. Rc3 Rad8 23. Nd3 Bxd3 24. Rxd3 Nc6 25. b5 Na5 26. Rc1 Nxb3 27. Rxb3 f6 28. Kg2 Rc7 (28... Kg7 {keeps more tension.} 29. h3 Re8 30. Rbc3 Rf7 31. Rd3 g5) 29. Rxc7 Bxc7 $11 {[%mdl 4096] Endgame KRB-KRB} 30. Rc3 Bb6 31. Kf3 Re8 32. Bf4 g5 33. Bd6 Bxd4 34. Rc7 Re6 35. Bc5 Bxc5 ({Of course not} 35... Bxb2 36. Rxb7 Re4 37. Rxa7 $14) 36. Rxc5 $15 {KR-KR} d4 37. Rc8+ (37. Rd5 $15) 37... Kf7 $17 38. Rc7+ {[#]} Ke8 $1 39. Rc4 Rd6 (39... d3 $17 40. Rd4 Re5) 40. Ke2 $15 Rd5 41. Rb4 ({White should play} 41. b6 $15 axb6 42. Kd3) 41... d3+ (41... Kd7 $19 42. Kd3 Ke6) 42. Kd2 $17 Kd8 (42... h6 $142 43. f4 gxf4) 43. b6 ({White should try} 43. f4) 43... a6 44. Rb3 Ke7 45. Rc3 h6 ({Better is} 45... Rd7 $15) 46. Rc7+ $11 {The position is equal.} Rd7 47. Rxd7+ $1 Kxd7 48. Kxd3 {KP-KP} Kc6 49. Ke4 $1 {[%cal Re4f5] Threatens to win with Kf5.} Kxb6 {[#] aiming for ...Kc5.} (49... a5 $5 50. Kf5 $8 Kxb6 51. Kxf6 Kc5 $11) 50. Kf5 Kc6 (50... Kc5 {looks sharper.} 51. Kxf6 a5 52. Ke5 a4 53. f4 gxf4 54. Kxf4 Kc4) 51. Kxf6 a5 {Strongly threatening ...b5.} (51... b5 $5 52. Ke5 $8 a5 $11) 52. Ke5 $1 b5 {White must now prevent ...b4.} (52... a4 $5 53. f4 $8 gxf4 54. Kxf4 b5 $11) 53. f4 gxf4 54. Kxf4 {K3P-K3P} Kd5 55. Ke3 a4 56. Kd3 b4 57. h4 Ke5 58. Kc4 a3 59. bxa3 bxa3 {( -> ...a2)} 60. Kb3 {Weighted Error Value: White=0.09/Black=0.09} 1/2-1/2

[Event "Panchenko Memorial-A 2021"]
[Site "Chelyabinsk"]
[Date "2021.09.15"]
[Round "3.9"]
[White "Maiorov, Nikita"]
[Black "Sargsyan, Shant"]
[Result "1/2-1/2"]
[WhiteElo "2446"]
[BlackElo "2642"]
[Annotator "TA"]
[PlyCount "79"]
[EventDate "2021.09.13"]
[EventType "swiss"]
[EventCountry "RUS"]
[SourceTitle "playchess.com"]
[Source "ChessBase"]
[SourceQuality "1"]

{[%evp 11,79,9,18,20,33,0,1,0,0,0,-2,-15,-12,-25,0,0,0,-43,-6,-12,2,-40,-45,-40,-37,-60,-60,-37,-61,-33,-13,-24,-24,-24,-24,-24,-28,-20,-27,-34,-13,-33,-33,-84,-82,-116,0,0,-8,-16,-15,-15,0,0,0,0,0,0,0,0,0,0,0,0,0,0,0,0,0,0]} 1. d4 Nf6 2. c4 g6 3. g3 Bg7 4. Bg2 d5 5. Nf3 O-O 6. O-O Nc6 7. Na3 {D77: Fianchetto Grünfeld: 6 0-0: Replies other than 6...c6.} Bf5 8. b3 {[#]} Qc8 $146 ({Predecessor:} 8... Be4 9. Bb2 Nb4 10. Qd2 a5 11. Rfd1 c6 12. e3 h6 13. Qe2 Qc8 14. h3 g5 {1-0 (35) Maiorov,N (2538)-Aggelis,N (2354) Rethymno 2013}) 9. Bb2 Rd8 10. Qc1 Bh3 11. Re1 Bxg2 12. Kxg2 Qf5 13. Nc2 a5 {[%cal Ba7a5,Ba5a4][%mdl 32]} 14. Kg1 a4 15. Ne3 Qh3 16. Ng5 Qd7 17. cxd5 Nxd5 18. Nxd5 Qxd5 19. e4 Qd6 20. d5 Nd4 (20... Ne5 {looks sharper.} 21. Qf4 Rf8 22. Qe3 h6 23. Nh3 g5) 21. Qc4 {[#]} b5 $1 22. Qd3 c5 23. Bxd4 Bxd4 24. Rac1 axb3 25. axb3 b4 26. Nf3 Bc3 27. Re2 (27. Red1 $15) 27... Qa6 $17 28. Qe3 {[#]} c4 (28... e6 $1 $17 29. dxe6 Qxe6) 29. bxc4 $1 $11 {The position is equal.} Qxc4 30. Ne5 Qb5 31. Nc6 Rd7 32. Rec2 e6 33. Rb1 $1 Qa4 34. Rcc1 Re8 35. Qc5 {[%cal Rc6b4]} exd5 36. exd5 {[%cal Rc6b4]} Qa8 37. Nxb4 Bxb4 38. Qxb4 Qxd5 39. Re1 Rdd8 40. Rxe8+ {Weighted Error Value: White=0.07/Black=0.11} 1/2-1/2

[Event "Panchenko Memorial-A 2021"]
[Site "Chelyabinsk"]
[Date "2021.09.15"]
[Round "3.10"]
[White "Petrosyan, Manuel"]
[Black "Aitbayev, Aslan"]
[Result "1-0"]
[WhiteElo "2611"]
[BlackElo "2447"]
[Annotator "TA"]
[PlyCount "151"]
[EventDate "2021.09.13"]
[EventType "swiss"]
[EventCountry "RUS"]
[SourceTitle "playchess.com"]
[Source "ChessBase"]
[SourceQuality "1"]

{[%evp 9,151,11,12,14,41,31,71,37,46,37,43,38,59,68,61,56,68,65,82,89,79,81,79,70,74,70,93,83,100,72,135,132,158,157,142,140,177,164,168,169,172,139,141,114,104,107,113,105,96,100,105,20,37,0,0,0,0,0,0,0,0,0,0,0,0,0,178,189,241,225,234,234,229,228,186,196,186,179,181,176,216,216,213,215,213,206,331,309,320,242,237,224,852,740,1127,1160,1025,928,817,735,1302,1146,1395,1339,2022,1386,2611,2069,1671,1355,3245,2847,4145,4145,4141,4141,4145,4141,4141,3922,3575,2260,1677,1323,4145,4145,4145,4145,4145,4145,4145,4145,4145,4145,4141,4141,4137,4137,29973,29974,29976,29977,29977,29978]} 1. d4 d5 2. c4 c6 3. Nf3 Nf6 4. e3 e6 5. Nbd2 Be7 6. Bd3 {D30: Queen's Gambit Declined: Systems without Nc3.} dxc4 7. Nxc4 c5 8. O-O {White is better.} O-O 9. dxc5 Na6 10. c6 bxc6 11. Nfe5 {[#]} Bb7 $146 ({Predecessor:} 11... Nb4 12. Be2 Qc7 13. a3 Nbd5 14. Qa4 Bb7 15. Bd2 Nb6 {½-½ (60) Kosic,D (2511)-Dovzik,J (2374) Hungary 2009}) 12. Bd2 Nc5 13. Ba5 Qd5 14. Be2 Qxd1 15. Rfxd1 Nd5 16. Nf3 Ba6 17. Rac1 Rab8 18. b3 Rfc8 19. Bf1 Ne4 {[#]} ({Black should play} 19... Bb5) 20. Nd6 $1 $16 {[%cal Rd6e4][%mdl 576] Discovered Attack} Bxd6 (20... Nxd6 21. Bxa6) 21. Bxa6 {Black must now prevent Rc4.} Re8 22. Rxc6 Bb4 23. Bc7 Nxc7 24. Rxc7 Red8 25. Rxd8+ Rxd8 26. g4 Bc5 27. Kg2 Bb6 28. Rc2 Nf6 29. Rc4 Nd5 30. Bb7 (30. Nd4 $16) 30... Bxe3 $1 $11 31. fxe3 (31. Bxd5 {keeps more tension.} exd5 32. Rc6 Bb6 33. Ne5 f6 34. Nd3) 31... Nxe3+ {[%mdl 64] Double Attack} 32. Kg3 {Strongly threatening Ra4.} Nxc4 33. bxc4 {Black should prevent c5.} Rb8 34. Bc6 Rb2 35. a4 Kf8 36. Bb5 Ke7 37. Ne5 Kd6 $2 {Black is on the road to losing.} (37... Rb3+ $11 {and Black has nothing to worry.} 38. Kf2 Rb2+ 39. Kg3 Rb3+ 40. Kf2 f6 41. Nc6+ Kd6 42. Nxa7 Rb2+ 43. Kg3 Rb3+ 44. Kg2 Rb2+ 45. Kg3 Rb3+ 46. Kg2 Rb2+ 47. Kg3) 38. Nxf7+ $18 Kc5 (38... Ke7 $142) 39. Ng5 $1 e5 40. Ne6+ ({Don't take} 40. Nxh7 $6 Rb3+ 41. Kf2 Rh3) 40... Kd6 41. Nxg7 Rb3+ 42. Kf2 e4 43. Nf5+ Ke5 44. c5 Rc3 {[#]} 45. c6 $1 a6 46. Bxa6 {Hoping for Bb7.} Rxc6 {[#]} 47. Be2 h5 (47... Rc5 {keeps fighting.} 48. Ng3 Kf4 49. Nh5+ Ke5) 48. Ne3 hxg4 49. Nxg4+ ({Not} 49. Bxg4 Rf6+ 50. Kg1 Ra6 $16) 49... Kf4 50. Ne3 Rc1 $2 (50... Rc5 51. h4 Ra5) 51. a5 {[%cal Ba4a5,Ba5a6][%mdl 32]} Ra1 52. a6 Ra3 53. Ng2+ Ke5 54. h4 Kf5 55. h5 Kg5 56. Ne3 Ra5 57. Nc2 Ra2 58. Nd4 Ra3 59. Ne6+ Kf5 60. Nc5 e3+ 61. Kf3 Kg5 62. Ke4 Kh6 63. Kd4 Kg5 64. Ne4+ Kh6 65. Nf6 Kg5 66. Nd5 Kh6 67. Nxe3 Ra2 68. Nf5+ Kg5 69. Ng3 Ra3 70. Ne4+ Kh6 71. Nc5 Ra2 72. Bc4 Ra1 73. Bf7 Kg7 74. Bg6 {White mates.} Rd1+ 75. Kc4 Kh6 76. Kb5 {Weighted Error Value: White=0.10/Black=0.19} ({Weaker is} 76. a7 Ra1 $16) 1-0

[Event "Panchenko Memorial-A 2021"]
[Site "Chelyabinsk"]
[Date "2021.09.16"]
[Round "4.1"]
[White "Afanasiev, Nikita"]
[Black "Timofeev, Artyom"]
[Result "1/2-1/2"]
[WhiteElo "2548"]
[BlackElo "2583"]
[Annotator "TA"]
[PlyCount "81"]
[EventDate "2021.09.13"]
[EventType "swiss"]
[EventCountry "RUS"]
[SourceTitle "playchess.com"]
[Source "ChessBase"]
[SourceQuality "1"]

{[%evp 22,81,29,18,32,29,29,26,36,36,39,28,28,20,24,25,32,0,49,40,45,47,38,6,22,14,13,10,26,23,36,26,29,27,56,54,47,47,44,20,21,14,14,14,21,21,21,21,21,21,21,21,14,0,0,0,0,0,0,0,0,0]} 1. e4 c5 2. Nf3 d6 3. Bb5+ Bd7 4. Bxd7+ Qxd7 5. O-O Nf6 6. Qe2 Nc6 7. c3 e6 8. d4 cxd4 9. cxd4 d5 10. e5 Ne4 11. Be3 {11.Nbd2 is the hot move.} Be7 12. Ne1 {[#] Strongly threatening f3.} f5 {B52: Sicilian: Moscow Variation with 3...Bd7.} 13. f3 Ng5 14. Nd3 O-O {White has an edge.} 15. Qd2 Nf7 16. Nc3 Rac8 17. Ne2 a5 {[#]} 18. Nc3 $146 ({Predecessor:} 18. Rfc1 Nb4 19. Nxb4 Bxb4 20. Qd3 a4 21. Bd2 Be7 22. Nc3 Rc4 23. b3 axb3 24. axb3 {½-½ (76) Godena,M (2528)-Bosiocic,M (2503) Olbia 2008}) 18... Nb4 19. Nf4 Rc6 (19... g5 $5 {[%cal Rg5f4]} 20. Nfe2 f4 $11) 20. Rac1 Rfc8 21. a3 Na6 22. Nce2 (22. Qd3 {keeps more tension.} Nc7 23. Bd2 a4 24. g4 g6 25. Nce2) 22... Rxc1 23. Rxc1 Rxc1+ 24. Qxc1 Nc7 25. Nd3 b6 26. Kf2 Nd8 27. Bg5 Nc6 28. Bxe7 Nxe7 29. h4 Qc6 30. Qxc6 (30. Qd1 {looks sharper.} Kf7 31. g4 h6 32. g5 hxg5 33. hxg5 Ng6 34. Ke3) 30... Nxc6 $14 {[%mdl 4096] Endgame KNN-KNN. The position is equal.} 31. a4 Na6 32. Ke3 Nab4 33. Ndf4 Kf7 34. Kd2 g6 35. g4 fxg4 36. fxg4 h6 37. Nd3 Nxd3 38. Kxd3 Ne7 39. Nf4 Nc6 40. Ne2 Ne7 41. Nf4 {Weighted Error Value: White=0.06/Black=0.06} 1/2-1/2

[Event "Panchenko Memorial-A 2021"]
[Site "Chelyabinsk"]
[Date "2021.09.16"]
[Round "4.2"]
[White "Lintchevski, Daniil"]
[Black "Drygalov, Sergey"]
[Result "1/2-1/2"]
[WhiteElo "2561"]
[BlackElo "2500"]
[Annotator "TA"]
[PlyCount "57"]
[EventDate "2021.09.13"]
[EventType "swiss"]
[EventCountry "RUS"]
[SourceTitle "playchess.com"]
[Source "ChessBase"]
[SourceQuality "1"]

{[%evp 15,57,9,18,14,23,12,23,11,27,22,31,22,18,23,38,37,38,37,36,31,41,41,45,45,45,40,43,47,53,33,31,34,62,62,52,43,49,24,29,0,26,8,8,4]} 1. e4 c5 2. Nf3 d6 3. d4 cxd4 4. Nxd4 Nf6 5. Nc3 a6 6. g3 e5 7. Nde2 Be7 8. Bg2 b5 9. Nd5 {B91: Sicilian Najdorf: 6 g3.} Nxd5 10. Qxd5 Ra7 11. Be3 {White has an edge.} Be6 12. Qd2 Rb7 13. Nc3 O-O 14. Nd5 Bxd5 15. Qxd5 Qc7 16. O-O Nd7 {[#]} 17. c3 $146 ({Predecessor:} 17. Rfd1 Rfb8 18. Qd2 Qc6 19. Rac1 Rc7 20. a3 Qb7 21. b3 Rbc8 22. c3 g6 23. h3 {0-1 (47) Iolis,O (2164)-Van der Stricht,G (2380) Geraardsbergen 2021}) 17... Nb6 18. Qd3 Qc4 19. Qd2 Qc6 20. b3 Nd7 21. Rfd1 Nc5 22. Qd5 (22. Rac1 {is more complex.} Rc8 23. h4 a5 24. Qd5 Rbc7 25. Bh3) 22... Qxd5 23. Rxd5 Nd7 24. Rc1 Rc8 25. Rd2 Rc6 26. Rdc2 Nc5 27. Bf1 Rbc7 28. c4 b4 29. Bg2 {Weighted Error Value: White=0.08/Black=0.05} 1/2-1/2

[Event "Panchenko Memorial-A 2021"]
[Site "Chelyabinsk"]
[Date "2021.09.16"]
[Round "4.3"]
[White "Lazavik, Denis"]
[Black "Petrosyan, Manuel"]
[Result "1/2-1/2"]
[WhiteElo "2440"]
[BlackElo "2611"]
[Annotator "TA"]
[PlyCount "64"]
[EventDate "2021.09.13"]
[EventType "swiss"]
[EventCountry "RUS"]
[SourceTitle "playchess.com"]
[Source "ChessBase"]
[SourceQuality "1"]

{[%evp 9,64,26,36,17,17,18,11,13,14,14,30,20,18,12,23,0,0,14,0,-4,-4,0,0,0,0,0,2,0,0,0,0,0,13,0,25,17,28,0,0,0,0,0,0,0,0,0,0,0,0,0,0,0,0,0,0,0,0]} 1. d4 Nf6 2. c4 e6 3. Nf3 d5 4. Nc3 h6 5. Bf4 Bb4 6. cxd5 {D37: Queen's Gambit Declined: 5 Bf4.} Nxd5 7. Bd2 O-O 8. e4 Nxc3 9. bxc3 Ba5 10. Bc4 b6 11. O-O Nd7 12. Qe2 Bb7 13. Rad1 Qe7 {[#]} 14. Ba6 $146 ({Predecessor:} 14. e5 c5 15. Bd3 Rfd8 16. Be4 Nf8 17. h4 cxd4 18. cxd4 Bxd2 19. Rxd2 Bxe4 20. Qxe4 {½-½ (40) Sargsyan,S (2626)-Abasov,N (2656) Krasnaya Polyana 2021}) 14... Bxa6 15. Qxa6 c5 16. d5 exd5 17. exd5 Rfe8 18. c4 Bxd2 19. Rxd2 Qd6 20. a4 {[%cal Ba2a4,Ba4a5][%mdl 32]} Re4 21. Rc2 Ne5 22. Nxe5 Qxe5 23. a5 Re1 {The position is equal.} 24. Rc1 $1 ({Much worse is} 24. axb6 Rxf1+ 25. Kxf1 Re8 $17) 24... Rxc1 25. Rxc1 $11 {[%mdl 4096] Endgame KQR-KQR} Re8 {[#] ( -> ...Qe1+!)} 26. g3 Qb2 27. Rf1 Qd4 28. Qb5 Re4 29. Qd7 {[#] Threatens to win with a6.} bxa5 30. Qc8+ Kh7 31. Qf5+ Kg8 32. Qc8+ Kh7 {Not much happened in this game.  Weighted Error Value: White=0.04/Black=0.02} 1/2-1/2

[Event "Panchenko Memorial-A 2021"]
[Site "Chelyabinsk"]
[Date "2021.09.16"]
[Round "4.4"]
[White "Faizrakhmanov, Ramil"]
[Black "Petrov, Nikita"]
[Result "1/2-1/2"]
[WhiteElo "2488"]
[BlackElo "2555"]
[Annotator "TA"]
[PlyCount "139"]
[EventDate "2021.09.13"]
[EventType "swiss"]
[EventCountry "RUS"]
[SourceTitle "playchess.com"]
[Source "ChessBase"]
[SourceQuality "1"]

{[%evp 18,139,36,23,32,19,61,74,120,97,104,105,124,73,79,73,93,77,54,48,51,20,55,54,41,44,53,50,35,0,0,0,0,0,0,0,0,0,0,0,0,-13,0,-21,-21,-27,0,-28,0,0,-6,-47,0,0,0,0,0,0,0,0,0,0,0,0,0,-23,-23,-23,0,0,0,0,0,0,0,0,0,-21,-21,-21,-21,-200,0,-234,-161,-156,0,0,0,0,0,0,0,0,0,0,0,0,0,0,0,0,0,0,0,0,0,0,0,0,0,0,0,0,0,0,0,0,0,0,0,0,8,8]} 1. d4 Nf6 2. c4 e6 3. Nf3 c5 4. d5 b5 5. dxe6 fxe6 6. cxb5 d5 7. e3 Bd6 8. Nbd2 Bb7 9. Be2 O-O 10. O-O Qe7 {E10: Blumenfeld Gambit.} 11. b3 e5 {Threatens to win with ...e4.} 12. e4 $1 Nbd7 {White is better.} 13. Bb2 Kh8 14. Qc2 {[#]} c4 $146 ({Predecessor:} 14... Nxe4 15. Nxe4 dxe4 16. Ne1 Nf6 17. g3 Nd5 18. Ng2 Rad8 19. a3 Ba8 20. Rad1 Nc7 {½-½ (109) Zhu,C (2522)-Pogonina,N (2429) Krasnoturinsk 2007}) 15. bxc4 (15. exd5 $142 cxb3 16. axb3 (16. Nxb3 Rac8 $11) (16. Qxb3 Nxd5 17. Rfe1 Nc5 $11)) 15... dxe4 $16 16. Ng5 {[%cal Rd2e4]} Nc5 17. Ba3 $1 a6 18. Bxc5 Bxc5 19. Ndxe4 Bd4 20. Rad1 Nxe4 21. Nxe4 axb5 22. cxb5 Bd5 23. Rd2 (23. a4 {with more complications.} Rfc8 24. Qd3 Rxa4 25. Rc1 Rxc1 26. Rxc1 g6 27. Qc2) 23... Rxa2 24. Qxa2 Bxa2 25. Rxa2 Qb4 26. Bd3 Qb3 27. Rd2 Bb6 28. h3 Ba5 29. Rdd1 Bb6 30. Be2 Qb4 31. Bd3 Qb3 32. Kh1 Rd8 (32... g5 $5) 33. Be2 Rxd1 34. Rxd1 Qb2 (34... g6 {with more complications.} 35. f3 Kg8 36. Nf6+ Kg7 37. Ne4 Kf8) 35. Rd6 Qxe2 36. Rxb6 $11 {[%cal Rb6b8][%mdl 4096] Endgame KQ-KRN} h6 37. f3 Qc4 38. Kh2 Kh7 39. h4 Qb4 40. Rb7 Qf8 41. Ng3 Qc8 42. Re7 Qc4 43. Ne4 {And now h5 would win.} Qxb5 44. Nf6+ Kg6 45. Ne8 h5 {Strongly threatening ...Qb4.} 46. Rxg7+ Kh6 47. Nd6 {[%cal Rd6f5]} Qd3 48. Rd7 Kg6 49. Rd8 $2 {[#]} (49. Nf7 $1 $11 Qb5 50. Nh8+ Kf6 51. Rf7+ Ke6 52. Rh7) 49... Qd4 $2 (49... Qd5 $1 $19 50. Rd7 Qc6) 50. Kh3 $2 (50. Rg8+ $1 $11 {and White is okay.} Kh7 51. Rg7+ Kh8 52. Rg6 Qxh4+ 53. Kg1) 50... Qd1 {[%mdl 1024] Black has strong compensation.} 51. Kh2 {[#]} Qd2 $2 (51... Qd5 $1 $17 52. Rd7 Qc6) 52. Rg8+ $1 {The position is equal.} Kh7 53. Ne4 $1 {[%cal Re4d2]} Qf4+ 54. g3 Qe3 55. Rf8 Qe2+ 56. Kg1 Kg6 57. Nf2 Qe3 {White must now prevent ...Qa3.} (57... Kg7 {looks sharper.} 58. Rf5 Kg6 59. Rf8) 58. Kg2 Qe2 59. Rg8+ Kh7 60. Re8 (60. Rd8 {seems wilder.} Qb2 61. Rd7+ Kh6 62. Rd6+ Kh7 63. Rd7+) 60... Qb5 61. Rf8 Qe2 62. Rb8 Qd2 63. Rb3 (63. Rb7+ {with more complications.} Kg6 64. Rb6+ Kg7 65. Rb7+ Kg6) 63... Kg7 64. Ra3 Qc2 65. Re3 Qb2 66. Re1 Kg6 67. Kf1 Qc3 68. Re2 Qxf3 69. Rxe5 Qxg3 70. Rg5+ {Weighted Error Value: White=0.21/Black=0.15} 1/2-1/2

[Event "Panchenko Memorial-A 2021"]
[Site "Chelyabinsk"]
[Date "2021.09.16"]
[Round "4.5"]
[White "Grebnev, Aleksey"]
[Black "Pridorozhni, Aleksei"]
[Result "1/2-1/2"]
[WhiteElo "2473"]
[BlackElo "2550"]
[Annotator "TA"]
[PlyCount "59"]
[EventDate "2021.09.13"]
[EventType "swiss"]
[EventCountry "RUS"]
[SourceTitle "playchess.com"]
[Source "ChessBase"]
[SourceQuality "1"]

{[%evp 23,59,11,13,7,22,8,21,7,25,12,18,16,22,0,0,0,0,0,0,0,0,0,0,0,0,0,0,0,0,0,0,0,0,0,0,0,0,0]} 1. c4 e6 2. Nc3 d5 3. d4 Nf6 4. cxd5 Nxd5 5. e4 Nxc3 6. bxc3 c5 7. Nf3 cxd4 8. cxd4 Bb4+ 9. Bd2 Bxd2+ 10. Qxd2 O-O 11. Bc4 Nc6 12. O-O b6 13. Rfe1 {D41: Queen's Gambit Declined: Semi-Tarrasch with 5 cxd5.} Bb7 14. d5 exd5 15. Bxd5 Qe7 16. Rad1 Rad8 {[#] The position is equal.} 17. Qc3 $146 ({Predecessor:} 17. Qf4 Nb4 18. Bc4 b5 19. Bxb5 Nc2 20. Rxd8 Rxd8 21. Rc1 Bxe4 22. Bf1 Bxf3 23. Qxf3 {½-½ (40) Bennewitz,B (2171)-Egan,M (2039) ICCF email 2006}) 17... Rc8 18. Nd4 (18. Qb2 {looks sharper.} Rfd8 19. g3 Na5 20. Nd4 g6 21. Nb5) 18... Nxd4 19. Qxd4 Rfd8 20. h3 h6 21. Re3 Bxd5 22. exd5 Qc5 23. Qxc5 Rxc5 24. Re7 Rcxd5 25. Rxd5 Rxd5 26. Rxa7 $11 {KR-KR} g6 27. a4 h5 28. Ra6 b5 29. axb5 Rxb5 30. h4 {A rather calm draw.  Weighted Error Value: White=0.03/Black=0.03} 1/2-1/2